Małe Wyspy Sundajskie. - Statystyki

Ogólne statystyki
  • Ten quiz został rozwiązany 14 razy
  • Średni wynik to 5 z 6
Statystyki odpowiedzi
Powierzchnia wyspy w km2 Odpowiedź % Poprawnych
5 632 Bali
100%
13 540 Flores
86%
11 153 Sumba
71%
15 448 Sumbawa
71%
30 777 Timor
71%
5 435 Lombok
57%
Nie znaleziono quizów pasujących do podanych kryteriów
Rozkład punktacji
Procent ludzi z każdym wynikiem
Percentyl według liczby udzielonych odpowiedzi
Twoja historia wyników
Nie rozwiązałeś tego quizu